| 000 | 00718nam a2200229 a 4500 | ||
|---|---|---|---|
| 999 |
_c10195 _d10195 |
||
| 001 | 10195 | ||
| 003 | BD-JhCC | ||
| 005 | 20200402134008.0 | ||
| 008 | 171228s19742003bg |||| || | 000 0 ben d | ||
| 020 | _a8177563394 | ||
| 035 | _a(BD-JhCC)10195 | ||
| 040 |
_aBD-JhCC _dBD-JhCC |
||
| 041 | _aben | ||
| 082 |
_a891.443 _bGAN 1974 |
||
| 100 | _aগঙ্গোপাধ্যায়, সুনীল | ||
| 245 |
_aএকা এবং কয়েকজন / _cসুনীল গঙ্গোপাধ্যায়, |
||
| 260 |
_aঢাকা : _bআনন্দ প্রকাশনী, _c1974. |
||
| 300 |
_a625 p. : _c22 cm. |
||
| 650 | _aBengali Novel | ||
| 942 |
_2ddc _cBK _09 |
||